Médias, culture et numérique : Approches socioéconomiques (notice n° 1566229)

détails MARC
000 -LEADER
fixed length control field 01183cam a2200157 4500500
005 - DATE AND TIME OF LATEST TRANSACTION
control field 20251214001512.0
041 ## - LANGUAGE CODE
Language code of text/sound track or separate title fre
042 ## - AUTHENTICATION CODE
Authentication code dc
100 10 - MAIN ENTRY--PERSONAL NAME
Personal name Guibert, Gérôme
Relator term author
245 00 - TITLE STATEMENT
Title Médias, culture et numérique : Approches socioéconomiques
260 ## - PUBLICATION, DISTRIBUTION, ETC.
Name of publisher, distributor, etc. Armand Colin,<br/>
Date of publication, distribution, etc. 2016.<br/>
520 ## - SUMMARY, ETC.
Summary, etc. La diffusion du numérique a transformé les activités économiques et les pratiques sociales liées aux industries culturelles (cinéma, livre, musique, jeu vidéo) ou médiatiques (presse, radio, télévision). Avec l’internet, la participation du public se manifeste sous des formes variées et prend place dans un environnement dominé par les plateformes de firmes transnationales parmi les plus puissantes au monde (Apple, Facebook, Google…). Cet ouvrage propose une analyse complète et inédite du secteur, illustrée à partir des filières et des écosystèmes qui se développent en ligne autour du journalisme, de la musique et de l’audiovisuel.
700 10 - ADDED ENTRY--PERSONAL NAME
Personal name Rebillard, Franck
Relator term author
700 10 - ADDED ENTRY--PERSONAL NAME
Personal name Rochelandet, Fabrice
Relator term author
856 41 - ELECTRONIC LOCATION AND ACCESS
Uniform Resource Identifier <a href="https://shs.cairn.info/medias-culture-et-numerique--9782200614546?lang=fr&redirect-ssocas=7080">https://shs.cairn.info/medias-culture-et-numerique--9782200614546?lang=fr&redirect-ssocas=7080</a>

Pas d'exemplaire disponible.

PLUDOC

PLUDOC est la plateforme unique et centralisée de gestion des bibliothèques physiques et numériques de Guinée administré par le CEDUST. Elle est la plus grande base de données de ressources documentaires pour les Étudiants, Enseignants chercheurs et Chercheurs de Guinée.

Adresse

627 919 101/664 919 101

25 boulevard du commerce
Kaloum, Conakry, Guinée

Réseaux sociaux

Powered by Netsen Group @ 2025